[Event "OS INCLIVEIS"]
[Site "http://www.queenalice.com/game.php?id=1183066"]
[Date "2013.5.20"]
[Round "-"]
[White "adelio"]
[Black "mustangmike"]
[Result "0-1"]
[WhiteElo "1763"]
[BlackElo "1871"]

1. b4 e5 2. b5 d5 3. Bb2 f6 4. Nc3 Be6 5. e3 Ne7 6. g4 g6 7. h4 Bg7 8. h5 f5 9.
g5 d4 10. exd4 exd4 11. Nce2 Qd5 12. f3 Be5 13. Rc1 Nd7 14. c4 Qc5 15. f4 Qb4
16. Rb1 Nc5 17. Rh3 Qxc4 18. fxe5 Nd3+ 19. Rxd3 Qxd3 20. Nf4 Qg3+ 21. Ke2 Bc4+
22. d3 Qe3# 0-1

[Event "Challenge"]
[Site "http://www.queenalice.com/game.php?id=1234385"]
[Date "2013.11.22"]
[Round "-"]
[White "mustangmike"]
[Black "onfs2"]
[Result "1-0"]
[WhiteElo "1901"]
[BlackElo "1893"]

1. e4 e5 2. Nf3 Qf6 3. Nc3 c6 4. d3 h6 5. g3 Bc5 6. Bg2 d6 7. O-O Bg4 8. h3 Bxf3
9. Bxf3 Bd4 10. Bd2 b5 11. a3 a5 12. Be3 Bxe3 13. fxe3 Qg5 14. Kf2 h5 15. h4 Qg6
16. d4 Nd7 17. dxe5 Nxe5 18. Kg2 Nc4 19. Qc1 Qh6 20. Nd1 Ne7 21. b3 Ne5 22. c4
Qg6 23. cxb5 cxb5 24. Be2 O-O 25. Rf4 Rfc8 26. Qd2 Rcb8 27. Nc3 b4 28. axb4 axb4
29. Rxa8 Rxa8 30. Na2 N5c6 31. Nxb4 Nd8 32. Qd1 Ne6 33. Rf2 Nc5 34. Bxh5 Qxe4+
35. Bf3 Qxb4 36. Bxa8 Qb8 37. Bd5 Nxd5 38. Qxd5 Qf8 39. b4 Nd7 40. b5 Nf6 41.
Qc6 Ng4 42. Re2 Qe7 43. Qc8+ 1-0

[Event "Challenge"]
[Site "http://www.queenalice.com/game.php?id=1235800"]
[Date "2013.11.27"]
[Round "-"]
[White "mustangmike"]
[Black "TomTheKing"]
[Result "1-0"]
[WhiteElo "1913"]
[BlackElo "1723"]

1. e4 e5 2. Nc3 Bb4 3. Nge2 Qf6 4. Nd5 Qd6 5. c3 Bc5 6. b4 Bb6 7. Ng3 Nh6 8. h3
c6 9. Ne3 Bxe3 10. fxe3 Qf6 11. Qf3 Qh4 12. Be2 d6 13. Bb2 O-O 14. Bd3 d5 15.
O-O-O d4 16. cxd4 f6 17. Nf5 Bxf5 18. exf5 Nd7 19. g3 Qg5 20. e4 exd4 21. Bxd4
Ne5 22. Bxe5 fxe5 23. g4 Rad8 24. Kc2 Rd4 25. Rb1 b6 26. Kd1 Rfd8 27. Rb3 a5 28.
bxa5 bxa5 29. Rh2 a4 30. Rc3 Nf7 31. Re2 Nd6 32. Re3 Nb5 33. Rxc6 h5 34. Rg6 Qf4
35. Qe2 Kh7 36. g5 Rb4 37. Qxh5+ Kg8 38. Rxg7+ Kxg7 39. f6+ Kg8 40. Qg6+ Kf8 41.
Qg7+ Ke8 42. Qe7# 1-0

[Event "Challenge"]
[Site "http://www.queenalice.com/game.php?id=1235801"]
[Date "2013.11.27"]
[Round "-"]
[White "mustangmike"]
[Black "pedone"]
[Result "1-0"]
[WhiteElo "1946"]
[BlackElo "1974"]

1. d4 d5 2. e3 c6 3. Nc3 Bf5 4. Bd3 Bxd3 5. Qxd3 Nd7 6. Nf3 e6 7. a3 a6 8. e4
dxe4 9. Nxe4 Ngf6 10. Nxf6+ Nxf6 11. c4 Be7 12. h3 Qa5+ 13. Bd2 Qc7 14. O-O Rd8
15. Qe3 b5 16. c5 O-O 17. Qe1 h6 18. Ba5 Qd7 19. Bxd8 Rxd8 20. Ne5 Qb7 21. Rd1
Nd5 22. Rd2 a5 23. f4 Nf6 24. g4 Nd5 25. h4 a4 26. g5 hxg5 27. fxg5 Rf8 28. Rdf2
Qc7 29. Rxf7 Rxf7 30. Rxf7 Qc8 31. Qe4 Bf8 32. h5 Ne7 33. h6 Nf5 34. h7+ Kxh7
35. g6+ Kg8 36. Nd7 Qe8 37. Rxf8+ Qxf8 38. Qxe6+ 1-0

[Event "Challenge"]
[Site "http://www.queenalice.com/game.php?id=1235847"]
[Date "2013.11.27"]
[Round "-"]
[White "mustangmike"]
[Black "Gatsby57"]
[Result "1/2-1/2"]
[WhiteElo "1982"]
[BlackElo "2031"]

1. e4 Nf6 2. d3 d5 3. e5 Ng8 4. d4 c5 5. Nf3 Bg4 6. Be2 e6 7. c3 Nc6 8. Qd3 Bxf3
9. Bxf3 cxd4 10. cxd4 Qb6 11. O-O Qxd4 12. Qxd4 Nxd4 13. Bd1 Rc8 14. Nc3 Nc6 15.
Re1 Bb4 16. Bd2 d4 17. Ne4 Bxd2 18. Nxd2 Nge7 19. Nf3 Nf5 20. g4 Nh6 21. h3 O-O
22. Re4 Rcd8 23. Ba4 f5 24. exf6 Rxf6 25. Kg2 Nf7 26. Bxc6 bxc6 27. Rxd4 Rc8 28.
Rc4 h6 29. Re1 Nd6 30. Rd4 Nb5 31. Rde4 Nc7 32. Ne5 Nd5 33. Nd7 Nf4+ 34. Kg3 Rf7
35. Rd1 Nd5 36. Nc5 Rcf8 37. Nxe6 Rf3+ 38. Kg2 Rxf2+ 39. Kg1 R8f3 40. Nd4 Rf6
41. Nxc6 Rxb2 42. Nxa7 Rxa2 43. Rxd5 Rxa7 44. Re3 Ra1+ 45. Kg2 Rff1 46. Kg3 Rg1+
47. Kf4 Rgf1+ 48. Kg3 Rg1+ 49. Kf4 Ra4+ 50. Kf5 Rf1+ 51. Kg6 Ra6+ 52. Kh5 Kh7
53. Rd7 Ra5+ 54. Kh4 Rg5 55. Rd6 Ra5 56. Rd7 Rg5 57. Rd4 Rf6 58. Kg3 Rb5 59. Rf4
Rxf4 60. Kxf4 Rc5 61. Kg3 1/2-1/2

[Event "Challenge"]
[Site "http://www.queenalice.com/game.php?id=1235848"]
[Date "2013.11.27"]
[Round "-"]
[White "mustangmike"]
[Black "MacumbaH"]
[Result "1-0"]
[WhiteElo "1883"]
[BlackElo "1945"]

1. d4 d5 2. Nc3 e6 3. e4 Bb4 4. e5 Bxc3+ 5. bxc3 f6 6. Nf3 fxe5 7. Nxe5 Nf6 8.
Ba3 Ne4 9. Qh5+ g6 10. Qh6 Qg5 11. Qxg5 Nxg5 12. f3 Nd7 13. h4 Nxe5 14. hxg5 Nf7
15. f4 b6 16. O-O-O Bb7 17. Bd3 O-O-O 18. Be7 Rde8 19. Bf6 Rhf8 20. Rxh7 c5 21.
Bxg6 Nd6 22. Bxe8 Nxe8 23. Rh8 Rxh8 24. Bxh8 Nd6 25. Rh1 1-0

[Event "Challenge"]
[Site "http://www.queenalice.com/game.php?id=1235964"]
[Date "2013.11.28"]
[Round "-"]
[White "mustangmike"]
[Black "edog"]
[Result "0-1"]
[WhiteElo "1972"]
[BlackElo "1906"]

1. e4 c6 2. c4 d5 3. exd5 cxd5 4. d4 dxc4 5. Bxc4 Nf6 6. Bd3 g6 7. Ne2 Bg7 8.
Nbc3 O-O 9. Be3 Nc6 10. h3 Nd5 11. Qd2 Nxe3 12. fxe3 Bh6 13. O-O-O Nb4 14. Bc4
a6 15. a3 Nc6 16. Rhf1 Qb6 17. Na4 Qc7 18. Nac3 b5 19. Ba2 Bf5 20. g4 Bc8 21.
Rf3 Bb7 22. Rf2 Rac8 23. Kb1 Na5 24. b3 Rfd8 25. Rdf1 e6 26. Qd3 Bg7 27. Kb2 Bc6
28. Rxf7 Qxf7 29. Rxf7 Kxf7 30. g5 Bd5 31. e4 Ba8 32. h4 Nc6 33. b4 Nxd4 34.
Nxd4 Bxd4 35. Qf3+ Ke7 36. Qh3 Rd6 37. Kb1 Bxc3 38. Qf3 Bg7 0-1

[Event "Challenge"]
[Site "http://www.queenalice.com/game.php?id=1236665"]
[Date "2013.12.1"]
[Round "-"]
[White "mustangmike"]
[Black "victorbush1"]
[Result "1-0"]
[WhiteElo "1963"]
[BlackElo "2027"]

1. d4 d5 2. Nc3 Nf6 3. a3 e6 4. Nf3 h6 5. e3 a6 6. Bd3 Bd6 7. h3 O-O 8. O-O Nc6
9. Ne2 Re8 10. b4 b5 11. c3 Ne7 12. a4 Bd7 13. a5 Nc6 14. Ng3 e5 15. dxe5 Nxe5
16. Nxe5 Bxe5 17. Bb2 Qe7 18. f4 Bd6 19. Re1 Bc6 20. Nf5 Qf8 21. Bc2 g6 22. Nd4
Bb7 23. Qf3 Ne4 24. Rad1 c5 25. bxc5 Bxc5 26. Bxe4 Rxe4 27. Qg3 Kh7 28. Bc1 Rc8
29. Bd2 b4 30. cxb4 Bxd4 31. exd4 Rxd4 32. Qb3 f5 33. b5 axb5 34. Qxb5 Ba8 35.
Qd7+ Kg8 36. Re6 Rd8 37. Rxg6+ Kh8 38. Rxh6+ 1-0

[Event "la guerra"]
[Site "http://www.queenalice.com/game.php?id=1237547"]
[Date "2013.12.4"]
[Round "-"]
[White "mustangmike"]
[Black "thejacka1"]
[Result "0-1"]
[WhiteElo "1984"]
[BlackElo "1690"]

1. d4 f5 2. c4 Nf6 3. Nc3 g6 4. Bf4 d6 5. g3 Bg7 6. Bg2 O-O 7. Qb3 Nc6 8. Rd1
Na5 9. Qa4 c6 10. Nf3 Qb6 11. b3 Ne4 12. Nxe4 fxe4 13. Ng5 d5 14. c5 Qd8 15. Qb4
b6 16. Be3 e5 17. h4 h6 18. Nh3 Qe7 19. cxb6 Qxb4+ 0-1

[Event "Christmas Challenge"]
[Site "http://www.queenalice.com/game.php?id=1239486"]
[Date "2013.12.12"]
[Round "-"]
[White "BboyH"]
[Black "mustangmike"]
[Result "1-0"]
[WhiteElo "1886"]
[BlackElo "1947"]

1. d4 d5 2. c4 e6 3. a3 Ne7 4. Nc3 c6 5. e3 Nd7 6. Bd3 g6 7. b3 b6 8. Nf3 Bg7 9.
Bb2 f6 10. O-O O-O 11. e4 dxe4 12. Nxe4 a5 13. Rc1 h6 14. Ng3 f5 15. Re1 Nf6 16.
Ne5 Kh7 17. a4 Nd7 18. Qf3 Nxe5 19. dxe5 Rb8 20. Rcd1 Qc7 21. Bc2 b5 22. Qc3
bxa4 23. bxa4 c5 24. f4 h5 25. Rd6 Bh6 26. Bc1 Rg8 27. Be3 h4 28. Ne2 Bd7 29.
Red1 Rgd8 30. h3 Nc8 31. R6d3 Ne7 32. Qd2 Rb7 33. Nc3 Nc8 34. Nb5 Qc6 35. Qf2
Nb6 36. Nd6 Rc7 37. Qxh4 Rf8 38. Bd2 Nxa4 39. Bxa5 Ra7 40. Qe7+ Bg7 41. Bc3 Nxc3
42. R1d2 Ne2+ 43. Rxe2 Rc7 44. Nf7 Be8 45. Qh4+ Kg8 46. Ng5 Bh8 47. Rd6 Qb7 48.
Nxe6 Rh7 49. Qg3 Qf7 50. Bd3 1-0

[Event "OS INCLIVEIS"]
[Site "http://www.queenalice.com/game.php?id=1243194"]
[Date "2013.12.27"]
[Round "-"]
[White "adelio"]
[Black "mustangmike"]
[Result "0-1"]
[WhiteElo "1778"]
[BlackElo "1921"]

1. b4 d5 2. b5 e5 3. Bb2 Nd7 4. g3 Ngf6 5. e3 Bd6 6. Nf3 Qe7 7. Be2 O-O 8. h4 e4
9. Ng5 h6 10. Nh3 Nc5 11. h5 Be6 12. Nf4 Bxf4 13. gxf4 Bf5 14. Bxf6 Qxf6 15. Nc3
Rad8 16. Rb1 d4 17. Nxe4 Nxe4 18. Bd3 dxe3 19. fxe3 Ng3 20. Rh2 Bxd3 21. cxd3
Rxd3 22. Rh3 Nf5 23. Qe2 Rfd8 24. Rd1 Qb2 25. Rh2 Qxb5 26. Rg2 Qa5 27. Qg4 Rxe3+
28. Re2 Rg3 29. Re5 Rxg4 30. Rxa5 Rg1+ 31. Ke2 Nd4+ 32. Ke3 Rxd1 33. Rxa7 Rxd2
34. Rxb7 Nf5+ 35. Kf3 R8d3+ 36. Kg4 Ne3+ 37. Kf3 f5 38. Rb8+ Kh7 39. a4 Nc4# 0-1

[Event "OS INCLIVEIS"]
[Site "http://www.queenalice.com/game.php?id=1243195"]
[Date "2013.12.27"]
[Round "-"]
[White "adelio"]
[Black "mustangmike"]
[Result "0-1"]
[WhiteElo "1713"]
[BlackElo "1931"]

1. b4 e5 2. b5 d5 3. Bb2 f6 4. e3 Ne7 5. Be2 g6 6. f4 Bg7 7. h4 exf4 8. exf4 Be6
9. Nf3 Nd7 10. h5 gxh5 11. Rxh5 Nf5 12. Nc3 Nb6 13. Nh4 Nxh4 14. Rxh4 f5 15.
Bh5+ Kd7 16. Rh3 Nc4 17. Rb1 Nxb2 18. Rxb2 d4 19. Ne2 Kc8 20. d3 Qd5 21. Bf3 Qd6
22. a4 Rb8 23. Qa1 Bd7 24. a5 c6 25. b6 a6 26. Rg3 Bf6 27. Rh3 h6 28. g3 Bg7 29.
Rh2 Be8 30. g4 Bg6 31. Qa4 c5 32. Qc4 Be8 33. gxf5 Bf6 34. Bd5 Bd7 35. Be6 Kd8
36. Qd5 Ke7 37. Qe4 Kd8 38. Ng3 Bc6 39. Qe2 Qxf4 40. Ne4 Bxe4 41. dxe4 Qg3+ 42.
Rf2 d3 43. Qxd3+ Qxd3 44. cxd3 Bxb2 45. Rxb2 Ke7 46. Rd2 Kd6 47. Bd5 Ke5 48. Rf2
Rhd8 49. Ke2 Rxd5 50. exd5 Kxd5 51. Ke3 Ke5 52. f6 Rf8 53. f7 Ke6 54. Rh2 Rxf7
55. Rxh6+ Kd5 56. Rh1 Kc6 57. Rb1 Rd7 58. Rb3 Rd4 59. Ra3 Kb5 60. Rc3 Ra4 61.
Kd2 Rxa5 62. Rc4 Kxb6 63. d4 cxd4 64. Rxd4 Rc5 65. Kd3 Kb5 66. Rd8 a5 67. Rh8 a4
68. Rh4 Ka5 69. Rc4 Rxc4 70. Kxc4 b5+ 71. Kc3 a3 72. Kb3 b4 73. Ka2 Ka4 74. Ka1
Kb3 75. Kb1 Kc3 76. Ka1 b3 77. Kb1 b2 78. Ka2 Kc2 79. Kxa3 b1=Q 80. Ka4 Qb6 81.
Ka3 Qb3# 0-1

[Event "OS INCLIVEIS"]
[Site "http://www.queenalice.com/game.php?id=1248144"]
[Date "2014.1.15"]
[Round "-"]
[White "mustangmike"]
[Black "adelio"]
[Result "1-0"]
[WhiteElo "1937"]
[BlackElo "1752"]

1. e4 e5 2. Nf3 f6 3. Bc4 c5 4. O-O Nc6 5. c3 a6 6. a3 Ra7 7. d4 b5 8. Bd5 Nge7
9. dxc5 Ng6 10. b4 h5 11. Ra2 h4 12. Rd2 Qc7 13. Ra2 d6 14. cxd6 Bxd6 15. a4 Bg4
16. a5 h3 17. g3 Nge7 18. Be3 Nxd5 19. exd5 Ne7 20. Bxa7 Qxa7 21. Nbd2 Nxd5 22.
Ne4 Be7 23. Qxd5 Bxf3 24. Nd6+ Bxd6 25. Qxf3 Ke7 26. Qg4 g5 27. Qf5 Qa8 28. f3
Bb8 29. Rd2 Ba7+ 30. Kh1 Qc6 31. Rd3 Rd8 32. Qh7+ Ke6 33. Rxd8 Qxc3 34. Re8+ Kd5
35. Rd1+ Kc4 36. Rc8+ Kxb4 37. Rxc3 Kxc3 38. Qd3+ Kb4 39. Qb1+ Kxa5 40. Rd6 Bd4
41. Qb3 Bc5 42. Rc6 Bb4 43. Qa2+ Ba3 44. Qxa3# 1-0

[Event "Let's Play Chess!"]
[Site "http://www.queenalice.com/game.php?id=1249658"]
[Date "2014.1.20"]
[Round "-"]
[White "dnptrs"]
[Black "mustangmike"]
[Result "1-0"]
[WhiteElo "2120"]
[BlackElo "1956"]

1. d4 d5 2. Nf3 e6 3. e3 Nf6 4. c4 b6 5. Nc3 Bd6 6. a3 Ba6 7. b3 h6 8. Be2 O-O
9. Nb5 Bxb5 10. cxb5 Nbd7 11. b4 Re8 12. Nd2 Nf8 13. Qc2 e5 14. dxe5 Bxe5 15.
Ra2 Qd6 16. Nf3 Rac8 17. O-O c6 18. bxc6 Rxc6 19. Qb3 Rec8 20. Nxe5 Rxc1 21. Nf3
Ne6 22. Qb2 Rxf1+ 23. Bxf1 Ne4 24. Ra1 f5 25. Rd1 Kf7 26. Nd4 g6 27. Nxe6 Qxe6
28. Qd4 Nf6 29. g3 g5 30. Bg2 Rd8 31. Bh3 g4 32. Bg2 Kg6 33. Rc1 Qd6 34. Bf1 h5
35. b5 1-0

[Event "Let's Play Chess!"]
[Site "http://www.queenalice.com/game.php?id=1249659"]
[Date "2014.1.20"]
[Round "-"]
[White "mustangmike"]
[Black "dnptrs"]
[Result "0-1"]
[WhiteElo "1953"]
[BlackElo "2179"]

1. e4 c5 2. Nf3 e6 3. d4 cxd4 4. Nxd4 Nf6 5. Nd2 e5 6. N4f3 d6 7. g3 Be7 8. Bg2
O-O 9. O-O Be6 10. Re1 Nc6 11. a3 Bg4 12. c3 Qb6 0-1

[Event "190114"]
[Site "http://www.queenalice.com/game.php?id=1249664"]
[Date "2014.1.20"]
[Round "-"]
[White "jizaias"]
[Black "mustangmike"]
[Result "1-0"]
[WhiteElo "2254"]
[BlackElo "1940"]

1. d4 d5 2. Nf3 Nf6 3. Bg5 e6 4. e3 h6 5. Bh4 Nbd7 6. Bb5 c6 7. Ba4 Qb6 8. Bb3
g5 9. Bg3 Bg7 10. Nbd2 O-O 11. O-O Qd8 12. c3 b6 13. Ne5 Nxe5 14. Bxe5 b5 15. f4
Nd7 16. Bxg7 Kxg7 17. fxg5 Qxg5 18. Rf3 Qe7 19. Rg3+ Kh7 20. Bc2+ f5 21. Qg4 Qf7
22. Nf3 Nf6 23. Qh4 Qh5 24. Qf4 Rg8 25. Rxg8 Kxg8 26. Qg3+ Kh8 27. Qd6 Bd7 28.
Ne5 Qe8 29. Bxf5 Rd8 30. Bg6 Qf8 31. Nf7+ Kg7 32. Qg3 Qg8 33. Nxd8 Qxd8 34. Bd3+
Kf8 35. Qg6 Ke7 36. Qg7+ 1-0

[Event "Let's Play Chess!"]
[Site "http://www.queenalice.com/game.php?id=1249874"]
[Date "2014.1.20"]
[Round "-"]
[White "Eggchaser"]
[Black "mustangmike"]
[Result "0-1"]
[WhiteElo "1872"]
[BlackElo "1959"]

1. d4 d5 2. c4 e6 3. Nc3 c6 4. Nf3 dxc4 5. a4 Bb4 6. Bd2 b6 7. e3 Ba6 8. Ne5 Nf6
9. Bxc4 Bxc4 10. Nxc4 Be7 11. O-O O-O 12. Qc2 Na6 13. Ne4 c5 14. Bc3 Rc8 15.
Rfd1 Qd5 16. Nxf6+ Bxf6 17. Ne5 cxd4 18. Qe2 Bxe5 19. Qxa6 Rc7 20. Bxd4 Bxd4 21.
Rxd4 Qb3 22. Qe2 Rc2 23. Rd2 Qxb2 24. Rad1 Rxd2 25. Qxd2 Qxd2 26. Rxd2 Rc8 27.
g3 g5 28. Rd7 a5 29. Rb7 Rc6 30. g4 Kg7 31. Kg2 Kf6 32. Kf3 h6 33. h3 Kg6 34.
Ke4 Rc4+ 35. Ke5 Rxa4 36. Rxb6 Ra2 37. f4 gxf4 38. exf4 Re2+ 39. Kd4 f5 40.
gxf5+ Kxf5 0-1

[Event "Let's Play Chess!"]
[Site "http://www.queenalice.com/game.php?id=1249875"]
[Date "2014.1.20"]
[Round "-"]
[White "mustangmike"]
[Black "Eggchaser"]
[Result "1-0"]
[WhiteElo "1946"]
[BlackElo "1871"]

1. e4 c5 2. Nf3 d6 3. Nc3 Nc6 4. g3 g6 5. d3 Bg7 6. Bd2 e6 7. Bg2 Nge7 8. O-O
O-O 9. a3 Qc7 10. Rb1 Rb8 11. b4 cxb4 12. axb4 b5 13. Ne2 Bb7 14. c4 a6 15. Re1
Rfc8 16. h4 bxc4 17. dxc4 Ne5 18. Nxe5 Bxe5 19. Rc1 Qb6 20. Qb3 Nc6 21. Rcd1 Nd4
22. Qd3 Nxe2+ 23. Rxe2 Qd4 24. Qxd4 Bxd4 25. Rc1 Rc7 26. Be3 Bxe3 27. Rxe3 Rbc8
28. Rec3 Kg7 29. Kf1 f5 30. f3 d5 31. c5 dxe4 32. fxe4 a5 33. b5 Kf6 34. c6 Ba8
35. b6 Rxc6 36. Rxc6 1-0

[Event "Challenge"]
[Site "http://www.queenalice.com/game.php?id=1281944"]
[Date "2014.5.15"]
[Round "-"]
[White "Gatsby57"]
[Black "mustangmike"]
[Result "1/2-1/2"]
[WhiteElo "2017"]
[BlackElo "1910"]

1. d4 Nf6 2. Bg5 e6 3. e4 Be7 4. c3 Nxe4 5. Bxe7 Qxe7 6. Nd2 Nf6 7. Ngf3 d6 8.
Bd3 h6 9. O-O O-O 10. Re1 Nbd7 11. Ne4 b6 12. Qe2 Bb7 13. Nxf6+ Nxf6 14. Bc4 Be4
15. Nd2 Bg6 16. f3 d5 17. Bd3 Bxd3 18. Qxd3 Rfd8 19. Nb3 1/2-1/2

[Event "Summer Challenge"]
[Site "http://www.queenalice.com/game.php?id=1295328"]
[Date "2014.7.16"]
[Round "-"]
[White "mustangmike"]
[Black "BboyH"]
[Result "0-1"]
[WhiteElo "1922"]
[BlackElo "1861"]

1. e4 c5 2. Bc4 e6 3. Nf3 d5 4. exd5 exd5 5. Qe2+ Be7 6. Bb5+ Bd7 7. Ne5 a6 8.
Bxd7+ Nxd7 9. Ng4 Ngf6 10. d3 h6 11. h3 Qc7 12. Bd2 Qb6 13. b3 Qd6 14. Ne3 g6
15. c3 Nb6 16. Bc1 O-O-O 17. Ba3 Rhe8 18. d4 Qc7 19. O-O Ne4 20. dxc5 Bxc5 0-1